000 00622nam a2200193 a 4500
001 000036782
005 20200930075931.0
008 120131s1981 sp 001 0 spa d
020 _a8472900290
040 _aDO-SdBNP
_bspa
_cBNPHU
082 _axxxx
_bF853m
100 1 _aFreedman, George
_963118
240 1 0 _aA handbook for the technical and scientific secretary
_lEspañol
245 1 0 _aManual de secretariado cientifico y técnico. /
_cGeorge Freedman.
260 _aBarcelona :
_bEdiciones Bellaterra,
_c1981.
300 _a260 p. :
_bils. ;
_c24 cm.
500 _aTraducido del inglés
500 _aIncluye índice
999 _c36273
_d36273